Slovenské ľudové piesne - Horné Lefantovce, Sokolníky

Bibliographic Details
Main Author: Járek, Marián, 1946- (Author)
Other Authors: Garaj, Bernard, 1960- (Author of introduction, etc.), Beňušková, Zuzana, 1960- (Author of introduction, etc.), Pongóová, Ildikó, 1953- (Translator), Járeková, Joanna (Translator)
Format: Book
Language:Slovak
PhysicalDescription:167 s. obr., rekl. 21x15 cm
Published: Nitra Dom Matice slovenskej 1997
ISBN:8070901489
Subjects:

MARC

LEADER 00000nam a2200000 a 4500
001 vtls001323403
003 SK-MaSNL
005 20260301005509.0
008 240318s1997 xo r slo
015 |a SNBH1998/02-01339 
020 |a 8070901489 
035 |a SNK000276096 
035 |a urn:nbn:sk:snk-amkhde 
035 |a urn:nbn:sk:snk-am008gfi 
035 |a 29DB0FD3-E6A3-45C5-84AF-D4594384C0E3 
040 |a SNK  |b slo  |c SNK  |e AACR2 
041 0 |a slo 
044 |a xo  |c SK 
080 |a 784.087.61  |2 1981 
100 1 |a Járek, Marián,  |d 1946-  |4 aut  |9 155603 
245 1 0 |a Slovenské ľudové piesne - Horné Lefantovce, Sokolníky  |h hudobnina  |c Marian Járek ; úvod: Bernard Garaj, Zuzana Beňušková ; obálka a ilustrácie: Katarína Smetanová ; preklad: Ildikó Pongóová, Joanna Járeková 
246 1 0 |a Slowakische gesänge Horné Lefantovce, Sokolníky 
260 |a Nitra  |b Dom Matice slovenskej  |c 1997 
300 |a 167 s.  |b obr., rekl.  |c 21x15 cm 
500 |a Názov a text aj nem. 
505 0 |a Obs. 94 piesní 
650 0 7 |a vokálna tvorba  |2 SNK  |9 289891 
650 0 7 |a piesne ľudové  |x spev  |2 SNK  |9 289892 
655 7 |a HHU  |2 SNK  |9 283804 
700 1 |a Garaj, Bernard,  |d 1960-  |4 aui  |9 231482 
700 1 |a Beňušková, Zuzana,  |d 1960-  |4 aui  |9 132377 
700 1 |a Smetanová, Katarína,  |d 1964-  |4 oth  |9 237103 
700 1 |a Pongóová, Ildikó,  |d 1953-  |4 trl  |9 118459 
700 1 |a Járeková, Joanna  |4 trl  |9 44589 
919 |a 80-7090-148-9 
924 |a spev 
999 |c 545337  |d 547267 
952 |t P60, <09>, [BOOK], {629}  |a SNK  |b SNK  |y NEVYP  |7 0  |0 0  |1 0  |4 0  |d 1998-03-10  |l 0  |r 2005-01-02 00:00:00  |w 2026-02-23 
952 |t P60, <03>, [BOOK], {603}  |a SNK  |b SNK  |y PREZ  |7 0  |p 17A0125021  |o snkSC 95251  |i snkKSP 2530/98  |0 0  |1 0  |4 0  |d 1998-03-10  |f 1  |l 0  |r 2025-09-12 00:00:00  |w 2026-02-23 
952 |t P60, <04>, [BOOK], {604}  |a SNK  |b SNK  |y VYP  |7 0  |p 17A0125020  |o snkSC 95251 D1  |i snkKSP 2531/98  |0 0  |1 0  |4 0  |d 1998-03-10  |l 0  |r 2005-01-02 00:00:00  |w 2026-02-23